|
|
|
|
| LEADER |
01466nam a2200385 a 4500 |
| 001 |
37722 |
| 003 |
BD-DhAAL |
| 005 |
20220215121018.0 |
| 008 |
220215t1986 ii af b 001 0 eng |
| 999 |
|
|
|c 43510
|d 43510
|
| 010 |
|
|
|a 86900226
|
| 020 |
|
|
|a 0706930355
|c Rs150.00
|
| 040 |
|
|
|a DLC
|c DLC
|d DLC
|d BD-DhAAL
|
| 043 |
|
|
|a a-ii---
|
| 050 |
0 |
0 |
|a HD6073.D32
|b I45 1986
|
| 082 |
0 |
0 |
|a 331.4/837/0954
|2 19
|
| 245 |
0 |
0 |
|a Indian women :
|b a study of their role in the dairy movement /
|c Marty Chen ... [et al.].
|
| 246 |
|
|
|a Indian women
|
| 260 |
|
|
|a New Delhi :
|b Shakti Books,
|c c1986.
|
| 300 |
|
|
|a xii, 153 pages, [8] p. of plates :
|b illustrations ;
|c 23 cm.
|
| 500 |
|
|
|a Includes index.
|
| 504 |
|
|
|a Includes bibliographies pages( [149]-150) and index.
|
| 541 |
|
|
|a Complimentary copy from BIED
|e 37722
|
| 650 |
|
0 |
|a Dairy workers
|z India.
|9 45786
|
| 650 |
|
0 |
|a Women farmers
|z India.
|9 45787
|
| 650 |
|
0 |
|a Women
|x Employment
|z India.
|9 45788
|
| 700 |
1 |
|
|a Chen, Martha Alter.
|9 45789
|
| 700 |
1 |
|
|a Mitra, Manoshi
|9 45790
|
| 700 |
1 |
|
|a Athreya, Geeta
|9 45791
|
| 700 |
1 |
|
|a Dholakia, Anila
|9 45792
|
| 700 |
1 |
|
|a Law, Preeta
|9 45793
|
| 700 |
1 |
|
|a Rao, Aruna
|9 45794
|
| 852 |
|
|
|a Ayesha Abed Library
|c BIED Collection
|
| 942 |
|
|
|2 ddc
|c BK
|
| 952 |
|
|
|0 0
|1 0
|2 ddc
|4 0
|6 331_483709540000000_IND
|7 0
|9 69800
|a BRACUL
|b BRACUL
|c GEN
|d 2022-02-15
|e Complimentary copy from BIED
|l 0
|o 331.48370954 IND
|p 3010037722
|r 2022-02-15
|t 1
|w 2022-02-15
|y BK
|x Transferred from BIED to General Stacks
|